[Event "AUTO-INT-61"]
[Site "http://www.queenalice.com/game.php?id=42179"]
[Date "2005.12.7"]
[Round "1"]
[White "araujoime"]
[Black "romulo_rodrigues"]
[Result "1-0"]
[WhiteElo "1421"]
[BlackElo "1380"]

1. e4 d6 2. Qf3 c5 3. Bc4 Nh6 4. g4 Nxg4 5. Qxf7+ Kd7 6. Qe6+ Kc7 7. Qd5 e6 8.
Qd4 e5 9. Qd3 Qf6 10. Nh3 Nc6 11. c3 Na5 12. Na3 a6 13. b4 Nh6 14. Rg1 b5 15.
Bd5 1-0

[Event "AUTO-INT-61"]
[Site "http://www.queenalice.com/game.php?id=42180"]
[Date "2005.12.7"]
[Round "1"]
[White "romulo_rodrigues"]
[Black "araujoime"]
[Result "0-1"]
[WhiteElo "1364"]
[BlackElo "1417"]

1. d4 e6 2. e4 Qf6 3. Nh3 Na6 4. e5 Qf5 5. Bd3 Qg6 6. Bxg6 hxg6 7. Nc3 Nh6 8.
Nb5 Nf5 9. O-O c6 10. Nc3 Nb4 11. g4 Nxd4 12. Qxd4 b6 13. Ng5 c5 14. Qe4 f5 0-1

[Event "AUTO-INT-61"]
[Site "http://www.queenalice.com/game.php?id=42195"]
[Date "2005.12.7"]
[Round "1"]
[White "dlabedz"]
[Black "romulo_rodrigues"]
[Result "0-1"]
[WhiteElo "1194"]
[BlackElo "1348"]

1. c4 e5 2. Nc3 b6 3. e4 c5 4. Nf3 Nc6 5. Bd3 Nf6 6. Nd5 h6 7. b3 g5 8. Bb2 Ng4
9. h3 Nf6 10. Nxe5 Nd4 11. h4 g4 12. g3 Nf3+ 13. Nxf3 gxf3 14. Qxf3 Bg7 15.
Nxf6+ Kf8 16. Ng4 Bxb2 17. Rb1 Bd4 18. e5 Qe8 19. Nf6 Qxe5+ 20. Kf1 Rb8 21. Nh5
Bb7 22. Re1 Bxf3 23. Rxe5 Bxe5 24. Rh3 Bxh5 25. f4 Bd4 0-1

[Event "AUTO-INT-61"]
[Site "http://www.queenalice.com/game.php?id=42196"]
[Date "2005.12.7"]
[Round "1"]
[White "romulo_rodrigues"]
[Black "dlabedz"]
[Result "0-1"]
[WhiteElo "1281"]
[BlackElo "1209"]

1. d4 d5 2. f4 e6 3. b3 a6 4. e3 a5 5. Nf3 Nf6 6. Ne5 Ne4 7. Qh5 g6 8. Qg4 Nc6
9. Bb5 Bd6 10. f5 exf5 11. Qf3 O-O 12. Nxc6 Qf6 13. Nd2 bxc6 14. Bxc6 Ra6 15.
Bb5 Rb6 16. Bd3 Ng5 17. Qe2 Bd7 18. Bb2 f4 19. h4 Re8 20. c4 dxc4 21. bxc4 Rxb2
22. e4 Reb8 23. e5 Bxe5 24. dxe5 Qe6 25. hxg5 Bc6 26. Kf2 Qd5 27. cxd5 Bxd5 28.
Qg4 Rxd2+ 29. Be2 Rbb2 30. Qh4 Rxe2+ 0-1

[Event "AUTO-INT-61"]
[Site "http://www.queenalice.com/game.php?id=42207"]
[Date "2005.12.7"]
[Round "1"]
[White "romulo_rodrigues"]
[Black "buaco"]
[Result "1-0"]
[WhiteElo "1262"]
[BlackElo "1141"]

1. d4 d5 2. e3 Nf6 3. g3 g6 4. Bg2 Bg7 5. b4 O-O 6. Nc3 c6 7. Nf3 Bf5 8. O-O Ne4
9. Ne2 Qd7 10. Nf4 a5 11. Ne5 Bxe5 12. dxe5 axb4 13. f3 Nc3 14. Qd2 Qc7 15. a3
Nd7 16. g4 Be6 17. Nd3 Nb6 18. Nc5 Qxe5 19. f4 Ne2+ 20. Qxe2 Qxa1 21. a4 Nxa4
22. Bd2 Qg7 23. Nxb7 Ra7 24. f5 Bd7 25. Ra1 Nc3 26. Qe1 Rxb7 27. g5 Bxf5 28. Rc1
d4 29. exd4 Qxd4+ 30. Be3 Qg4 31. h3 Qe2 32. Bxc6 Qxe1+ 33. Rxe1 Rc7 34. Bf3 e5
35. Bb6 Re7 36. Bc5 Re6 37. Bxf8 Kxf8 38. h4 Bxc2 39. Rc1 b3 40. Bc6 Rxc6 41.
Kf1 e4 42. Ke1 1-0

[Event "AUTO-INT-61"]
[Site "http://www.queenalice.com/game.php?id=42208"]
[Date "2005.12.7"]
[Round "1"]
[White "buaco"]
[Black "romulo_rodrigues"]
[Result "0-1"]
[WhiteElo "1104"]
[BlackElo "1272"]

1. d4 e6 2. e4 b6 3. Nc3 Bb7 4. Bd3 f5 5. f3 Nc6 6. Nge2 Qf6 7. Be3 Qg6 8. Ng3
Nh6 9. Qd2 O-O-O 10. O-O-O d6 11. Rhe1 a6 12. Qe2 a5 13. Ba6 Nb4 14. Bxb7+ Kxb7
15. Kb1 Qf6 16. Rf1 f4 17. Nh5 Qg5 18. Nxf4 d5 19. exd5 exd5 20. Nfxd5 Qf5 21.
Nxb4 axb4 22. Ne4 Be7 23. Ng3 Qg6 24. Qd3 c5 25. Qxg6 hxg6 26. d5 b5 27. Ne4 Nf5
28. Bxc5 Rxh2 29. g4 Nd6 30. Nxd6+ Bxd6 31. Bxd6 Rxd6 32. Rd4 b3 33. cxb3 Kc7
34. Rc1+ Kd7 35. Rc2 Rh3 36. Rc3 b4 37. Rcd3 Rh2 38. Rxb4 Rf2 39. Rb7+ Ke8 40.
b4 g5 0-1

[Event "AUTO-ADV-112"]
[Site "http://www.queenalice.com/game.php?id=42421"]
[Date "2005.12.8"]
[Round "1"]
[White "romulo_rodrigues"]
[Black "oilman58"]
[Result "0-1"]
[WhiteElo "1382"]
[BlackElo "1292"]

1. e4 e5 2. c4 Nf6 3. g4 Nxe4 4. Qf3 d5 5. cxd5 Qxd5 6. d3 Qc6 7. dxe4 Qxc1+ 8.
Qd1 Qxb2 9. Nd2 Bb4 10. Nf3 Bxg4 11. Qa4+ Nc6 12. Rb1 Qxb1+ 13. Ke2 Qb2 14. Rg1
Qxd2# 0-1

[Event "AUTO-ADV-112"]
[Site "http://www.queenalice.com/game.php?id=42422"]
[Date "2005.12.8"]
[Round "1"]
[White "oilman58"]
[Black "romulo_rodrigues"]
[Result "1-0"]
[WhiteElo "1272"]
[BlackElo "1382"]

1. e4 c5 2. Nf3 g6 3. Nc3 Bg7 4. d4 Qb6 5. Na4 cxd4 6. Nxb6 axb6 7. Nxd4 Ra4 8.
c3 Rxd4 9. cxd4 Nc6 10. d5 Nb4 11. Qa4 Na6 12. Bxa6 bxa6 13. O-O b5 14. Qc2 Nf6
15. Qxc8# 1-0

[Event "AUTO-ADV-112"]
[Site "http://www.queenalice.com/game.php?id=42423"]
[Date "2005.12.8"]
[Round "1"]
[White "romulo_rodrigues"]
[Black "romie"]
[Result "0-1"]
[WhiteElo "1262"]
[BlackElo "1397"]

1. e3 e5 2. c4 d5 3. Qa4+ Bd7 4. Qb3 dxc4 5. Qxb7 Bc6 6. Qxa8 Bxa8 7. Bxc4 Bxg2
8. Bb5+ Nc6 9. f3 Bxh1 10. Bxc6+ Ke7 11. b3 Kd6 12. Be4 Qh4+ 13. Kf1 Qxh2 14.
Ba3+ Kd7 15. Ne2 Qh3+ 16. Ke1 Bxa3 17. Nxa3 Nf6 18. Rc1 g5 0-1

[Event "AUTO-ADV-112"]
[Site "http://www.queenalice.com/game.php?id=42424"]
[Date "2005.12.8"]
[Round "1"]
[White "romie"]
[Black "romulo_rodrigues"]
[Result "1-0"]
[WhiteElo "1409"]
[BlackElo "1262"]

1. e4 d5 2. exd5 Qxd5 3. Nc3 Qe5+ 4. Be2 Qg5 5. Bb5+ c6 6. Bf1 e6 7. Nf3 Qf6 8.
d4 b5 9. Bg5 Qg6 10. Bd3 f5 11. Qe2 Bd6 12. O-O-O h6 13. Be3 f4 14. Bxg6+ Kd8
15. Bd2 Nf6 16. Bf7 Rf8 17. Bxe6 Bxe6 18. Qxe6 Ne8 19. Rde1 Kc7 20. Ne4 1-0

[Event "AUTO-INT-97"]
[Site "http://www.queenalice.com/game.php?id=71656"]
[Date "2006.5.25"]
[Round "1"]
[White "kahector"]
[Black "romulo_rodrigues"]
[Result "1-0"]
[WhiteElo "1554"]
[BlackElo "1255"]

1. d4 b6 2. c4 Nc6 3. d5 Nb4 4. a3 Na6 5. Nf3 g6 6. e4 Bg7 7. Be2 c5 8. O-O e6
9. Nc3 Nf6 10. dxe6 fxe6 11. Qa4 Nb8 12. Bf4 Nh5 13. Bd6 1-0

[Event "AUTO-INT-97"]
[Site "http://www.queenalice.com/game.php?id=71657"]
[Date "2006.5.25"]
[Round "1"]
[White "romulo_rodrigues"]
[Black "kahector"]
[Result "0-1"]
[WhiteElo "1251"]
[BlackElo "1558"]

1. d4 d5 2. e3 Bf5 3. Qf3 e6 4. Nh3 Bxc2 5. a3 c5 6. dxc5 Bxc5 7. Qg4 Qa5+ 8.
Bd2 Qb6 9. Be2 Qxb2 10. Bc3 Qc1+ 11. Bd1 Bxb1 12. Nf4 Qxc3+ 0-1

[Event "AUTO-INT-97"]
[Site "http://www.queenalice.com/game.php?id=71674"]
[Date "2006.5.25"]
[Round "1"]
[White "romulo_rodrigues"]
[Black "Girb"]
[Result "0-1"]
[WhiteElo "1273"]
[BlackElo "1500"]

1. d4 d6 2. b3 c5 3. Bb2 Nc6 4. Nf3 Bf5 5. a3 Qa5+ 6. Bc3 Qb5 7. e4 Qb6 8. exf5
cxd4 9. Nxd4 O-O-O 10. g3 Nf6 11. a4 e5 12. Nb5 Ne4 13. Qe2 d5 14. Bh3 f6 15.
O-O Ng5 16. Bg4 a6 17. N5a3 d4 18. Nc4 Qc5 19. h4 h5 20. Bxh5 dxc3 21. Nxc3 Nd4
22. Qd1 Ndf3+ 23. Kh1 Rxd1 24. Rfxd1 Rxh5 25. Nd5 Qxf2 26. Rf1 Qh2# 0-1

[Event "AUTO-INT-97"]
[Site "http://www.queenalice.com/game.php?id=71676"]
[Date "2006.5.25"]
[Round "1"]
[White "romulo_rodrigues"]
[Black "Viper_SB"]
[Result "0-1"]
[WhiteElo "1266"]
[BlackElo "1523"]

1. d4 d6 2. g3 Nf6 3. Bg2 c6 4. Nf3 e6 5. O-O d5 6. e3 Bd6 7. Ne5 Bxe5 8. dxe5
Ne4 9. Qg4 Qg5 10. f3 Qxg4 11. fxg4 Na6 12. Bf3 Nb4 13. Na3 b5 14. b3 Ng5 15. h4
Ne4 16. Kh2 c5 17. Nxb5 Nxc2 18. Ba3 Ba6 19. Nc7+ Ke7 20. Nxa6 Nxa3 21. g5 h6
22. g6 fxg6 0-1

[Event "AUTO-INT-97"]
[Site "http://www.queenalice.com/game.php?id=71677"]
[Date "2006.5.25"]
[Round "1"]
[White "Viper_SB"]
[Black "romulo_rodrigues"]
[Result "1-0"]
[WhiteElo "1529"]
[BlackElo "1260"]

1. e3 b6 2. Nf3 c5 3. Bc4 Nc6 4. O-O g6 5. d4 Bg7 6. Nc3 d5 7. Bxd5 Bb7 8. Ng5
Nh6 9. Qf3 f6 10. Ne6 Qd7 11. Nxg7+ Kf8 12. Ne6+ Kf7 13. Nc7+ e6 14. Bxe6+ Qxe6
15. Nxe6 Nxd4 16. Qxb7+ Kxe6 17. Qd5+ Ke7 18. exd4 Rad8 19. Re1+ Kf8 20. Qxd8+
Kg7 21. Qe7+ Nf7 22. Re6 Rf8 23. Qxf6+ 1-0

[Event "Challenge"]
[Site "http://www.queenalice.com/game.php?id=72396"]
[Date "2006.5.28"]
[Round "-"]
[White "Dr_HB"]
[Black "romulo_rodrigues"]
[Result "1-0"]
[WhiteElo "1175"]
[BlackElo "1273"]

1. e4 g6 2. Bc4 b6 3. Qf3 Nh6 4. d4 e6 5. d5 Na6 6. dxe6 dxe6 7. Nh3 Bb4+ 8. c3
Be7 9. Bxh6 Bb7 10. Ke2 Qd7 11. Ng5 f6 12. Bxe6 Qd6 13. Na3 Nc5 14. Rhd1 Qc6 15.
Bf7# 1-0